|
|
|
|
| LEADER |
00000csc a2200000 a 4500 |
| 001 |
48547 |
| 005 |
20230308211335.0 |
| 008 |
003010|1954 ||||||||r|||||||||||spa|| |
| 040 |
|
|
|b spa
|
| 041 |
1 |
|
|a spa
|
| 082 |
0 |
|
|a 128
|
| 100 |
1 |
|
|a Romero, Francisco
|9 9376
|
| 245 |
|
|
|a Ubicación del hombre: introducción a la antropología filosófica
|c Francisco Romero
|h imp
|
| 264 |
|
|
|a Buenos Aires
|b Columba
|c 1954
|
| 300 |
|
|
|a 71 páginas:
|c 20 cm
|
| 490 |
|
|
|a Colección Esquemas
|n no. 15
|
| 504 |
|
|
|a incl. ref.
|
| 650 |
|
|
|a Antropologia filosofica
|9 9393
|
| 650 |
|
|
|a Filosofia del hombre
|9 290715
|
| 650 |
|
|
|a Ser humano
|9 105148
|
| 852 |
|
|
|a UC-CDJBV
|c ESTANTERIA CERRADA
|f Donación
|k npena
|l 1
|m General
|p 20030103
|q 1,00
|r 2
|t 48547
|b 0
|d CDRC
|e CDRC
|g 128 ESTANTERIA CERRADA
|z 2003-30-10
|
| 942 |
|
|
|
| 999 |
|
|
|c 118386
|d 118386
|